Statystyki dla Stolice Regionów - RPA

Kliknij tutaj aby rozwiązać quiz!

Ogólne statystyki

  • Ten quiz został rozwiązany 53 razy
  • Średni wynik to 4 z 9

Statystyki odpowiedzi

RegionMiasto% Poprawnych
Prowincja Przylądkowo-ZachodniaKapsztad
100%
GautengJohannesburg
87%
Wolne PaństwoBloemfontein
61%
Prowincja Przylądkowo-PółnocnaKimberley
35%
KwaZulu-NatalPietermaritzburg
30%
LimpopoPolokwane
22%
Prowincja Północno-ZachodniaMafikeng
17%
MpumalangaNelspruit
17%
Prowincja Przylądkowo-WschodniaBhisho
13%

Rozkład punktacji

Percentyl według liczby udzielonych odpowiedzi

Procent ludzi z każdym wynikiem

Twoja historia wyników

Nie rozwiązałeś tego quizu